| 000 | 01199nam a22002657a 4500 | ||
|---|---|---|---|
| 005 | 20170124102946.0 | ||
| 010 | _aB-081499 | ||
| 020 |
_c150.00 _a8126706740 |
||
| 035 | _aB-081499 | ||
| 037 | _bCen Lib/Ret | ||
| 040 |
_aDPL _bHN |
||
| 082 |
_a910.4 _bसेनन |
||
| 100 |
_aसेन, नवनीता देव _949881 |
||
| 245 |
_aकिस पथ आए तुम्हारी करुणा / _cनवनीता देव सेन; अनुवादक रामशंकर द्रिवेदी |
||
| 246 |
_aKis path par aye tumahri karuna / _bby Navneeta Dev Sen; anuvadak Ramshankar Drivedi |
||
| 260 |
_aनयी दिल्ली _bराजकमल प्रकाशन _c2003 |
||
| 270 |
_a1-बी, नेताजी सुभाष मार्ग _bनयी दिल्ली _e110002 |
||
| 300 |
_a138पृ. _c20सेमी(अजिल्द ) |
||
| 650 |
_aभूगोल _x _z _949882 |
||
| 650 |
_aवृत्तान्त _949883 |
||
| 650 |
_aGeography _949884 |
||
| 650 |
_aChronicle _949885 |
||
| 700 |
_aद्रिवेदी, रामशंकर _949862 |
||
| 942 |
_2ddc _cHN _h910.4 _mसेनन |
||
| 999 |
_c112952 _d112952 |
||